书目信息 |
| 题名: |
汽车安全驾驶全攻略
|
|
| 作者: | 吴文琳 主编 | |
| 分册: | ||
| 出版信息: | 北京 电子工业出版社 2015 |
|
| 页数: | 322页 | |
| 开本: | 24cm | |
| 丛书名: | ||
| 单 册: | ||
| 中图分类: | U471.15 | |
| 科图分类: | ||
| 主题词: | 汽车驾驶--安全技术 | |
| 电子资源: | ||
| ISBN: | 978-7-121-24354-7 | |
| 000 | 00927nam0 2200217 450 | |
| 001 | 784 | |
| 005 | 20160908144521.25 | |
| 010 | @a978-7-121-24354-7@dCNY49.90 | |
| 100 | @a20141124d2015 em y0chiy50 ea | |
| 101 | 0 | @achi |
| 102 | @aCN@b110000 | |
| 105 | @aa z 000yy | |
| 200 | 1 | @a汽车安全驾驶全攻略@9qi che an quan jia shi quan gong lüe@f吴文琳主编 |
| 210 | @a北京@c电子工业出版社@d2015 | |
| 215 | @a322页@c图@d24cm | |
| 330 | @a本书共15章,主要包括汽车驾驶操纵装置与仪表、道路交通信号、掌握各种车感、汽车驾驶基础、一般道路驾驶、复杂路段的驾驶、复杂道路的驾驶、特殊环境的驾驶、不同季节和特殊时段的驾驶、城市道路的驾驶、高速公路的驾驶、特殊条件下的驾驶、安全行车与交通事故的预防和处理、汽车避险应急方法和行车途中汽车故障的应急处理等。 | |
| 606 | 0 | @a汽车驾驶@x安全技术 |
| 690 | @aU471.15@v5 | |
| 701 | 0 | @a吴文琳@9wu wen lin@c(车辆工程)@4主编 |
| 801 | 0 | @aCN@b唐山师范学院图书馆@c20160723 |
| 905 | @aZUCC@dU471.15@e304 | |
| 汽车安全驾驶全攻略/吴文琳主编.-北京:电子工业出版社,2015 |
| 322页:图;24cm |
| ISBN 978-7-121-24354-7:CNY49.90 |
| 本书共15章,主要包括汽车驾驶操纵装置与仪表、道路交通信号、掌握各种车感、汽车驾驶基础、一般道路驾驶、复杂路段的驾驶、复杂道路的驾驶、特殊环境的驾驶、不同季节和特殊时段的驾驶、城市道路的驾驶、高速公路的驾驶、特殊条件下的驾驶、安全行车与交通事故的预防和处理、汽车避险应急方法和行车途中汽车故障的应急处理等。 |
| ● |
| 相关链接 |
|
|
|
|
正题名:汽车安全驾驶全攻略
索取号:U471.15/304
 
预约/预借
| 序号 | 登录号 | 条形码 | 馆藏地/架位号 | 状态 | 备注 |
| 1 | 903401 | 209034016 | 第二样本阅览室/ [索取号:U471.15/304] | 在馆 | |
| 2 | 903402 | 209034025 | 密集书库-物理学院/ [索取号:U471.15/304] | 在馆 | |
| 3 | 903403 | 209034034 | 第三借阅区/ [索取号:U471.15/304] | 在馆 | |
| 4 | 903404 | 209034043 | 第三借阅区/ [索取号:U471.15/304] | 在馆 | |
| 5 | 903405 | 209034052 | 第三借阅区/ [索取号:U471.15/304] | 在馆 |